[Event "ch-POL Boys U16"]
[Site "Zakopane POL"]
[Date "2001.01.22"]
[Round "7"]
[White "Szoen,D"]
[Black "Kidzinski,L"]
[Result "1-0"]
[WhiteElo "2152"]
[BlackElo "2133"]

1.e4 c5 2.Nf3 e6 3.d4 cxd4 4.Nxd4 a6 5.Nc3 Qc7 6.Bd3 Nf6 7.O-O Be7 8.Kh1 d6
9.f4 Nbd7 10.Qf3 O-O 11.Bd2 Rb8 12.Rae1 Re8 13.e5 dxe5 14.fxe5 Nxe5 15.Qg3 Bd6
16.Ndb5 axb5 17.Nxb5 Nxd3 18.Qxd3 Qc6 19.Qxd6 Qxd6 20.Nxd6 Rd8 21.Bf4 Ra8
22.a3 Ra6 23.Rd1 Kf8 24.c4 Rc6 25.b3 Ke7 26.Nb5 Rxd1 27.Rxd1 Ne4 28.Rd4 Nc5
29.Na7 Nxb3 30.Nxc6+ bxc6 31.Rd3 Na5 32.Bd6+ Kf6 33.Rf3+ Kg6 34.c5  1-0

[Event "ch-POL Girls U18"]
[Site "Zakopane POL"]
[Date "2001.01.24"]
[Round "9"]
[White "Chlost,M"]
[Black "Janiszyn,E"]
[Result "1-0"]
[WhiteElo "2047"]
[BlackElo "2007"]

1.e4 c5 2.Nf3 e6 3.d4 cxd4 4.Nxd4 a6 5.Nc3 Qc7 6.Be2 Nf6 7.O-O Be7 8.a4 Nc6
9.Nb3 O-O 10.Be3 b6 11.f4 d6 12.Qe1 Nb4 13.Rc1 Bb7 14.Bf3 Rac8 15.Qg3 Rfd8
16.Qf2 Nd7 17.g4 Nc5 18.Nxc5 dxc5 19.g5 Nc6 20.Ne2 Nd4 21.Bg2 Bf8 22.h4 f5
23.Ng3 Bxe4 24.Nxe4 fxe4 25.Bxe4 Nf5 26.Bd2 Qd7 27.Bc3 Qxa4 28.Rce1 c4 29.Kh2 Bc5
30.Qf3 Nxh4 31.Bxh7+ Kxh7 32.Qh5+ Kg8 33.Qxh4 Qxc2+ 34.Kh1 Qf5 35.Re5 Qf7
36.Qg4 Rd3 37.g6 Qb7+ 38.Kh2 Bd4 39.Qxe6+ Kf8 40.Rf5+ Bf6 41.Rxf6+  1-0

[Event "ch-POL Boys U16"]
[Site "Zakopane POL"]
[Date "2001.01.24"]
[Round "9"]
[White "Przybylski,W"]
[Black "Gajewski,G"]
[Result "1/2-1/2"]
[WhiteElo "2170"]
[BlackElo "2344"]

1.e4 c5 2.Nf3 e6 3.d4 cxd4 4.Nxd4 a6 5.Nc3 b5 6.Bd3 Qb6 7.Nb3 Qc7 8.O-O Bb7
9.f4 Nf6 10.a3 d6 11.Be3 Nbd7 12.Kh1 Be7 13.Qe1 O-O 14.Qg3 Rfd8 15.Rae1 d5
16.Bd4 g6 17.Qh4 Re8 18.e5 Ne4 19.Qh3 Rac8 20.Rf3 Ndc5 21.Nxc5 Bxc5 22.Ne2 Bf8
23.c3 Nd2 24.Rf2 Nc4 25.Ng1 a5 26.Nf3 Bg7 27.g4 Rb8 28.Qg3 b4 29.axb4 axb4
30.f5 bxc3 31.bxc3 Ba8 32.Ng5 exf5 33.gxf5 Bxe5 34.Qh3 Bxd4 35.Qxh7+ Kf8
36.Ne6+ Rxe6 37.fxe6 Bxf2 38.e7+ Ke8  1/2-1/2

[Event "17th Open"]
[Site "Geneva SUI"]
[Date "2001.01.25"]
[Round "6"]
[White "Delanoy,A"]
[Black "Nieminen,K"]
[Result "1/2-1/2"]
[WhiteElo "2184"]
[BlackElo "2226"]

1.e4 c5 2.Nc3 e6 3.Nf3 a6 4.d4 cxd4 5.Nxd4 Qc7 6.Be2 d6 7.O-O Nf6 8.Be3 Be7
9.f4 O-O 10.Qe1 b5 11.a3 Bb7 12.Bf3 Nbd7 13.Qg3 Nc5 14.Rae1 Ncxe4 15.Nxe4 Bxe4
16.Bxe4 Nxe4 17.Qf3 d5 18.c3 Rab8 19.f5 e5 20.Ne2 Qc4 21.Ng3 Nxg3 22.hxg3 f6
23.Kh2 Rfd8 24.Qh5 Bf8 25.Rh1 Rb7 26.Kg1 h6 27.Qg6 Bc5 28.Rxh6 Bxe3+ 29.Rxe3 d4
30.Re4 Qf7 31.Reh4 Qxg6 32.Rh8+ Kf7 33.fxg6+ Ke7  1/2-1/2

[Event "17th Open"]
[Site "Geneva SUI"]
[Date "2001.01.26"]
[Round "7"]
[White "Bieri,C"]
[Black "Vuilleumier,A"]
[Result "0-1"]
[WhiteElo "2127"]
[BlackElo "2109"]

1.e4 c5 2.Nf3 e6 3.d4 cxd4 4.Nxd4 a6 5.Nc3 Qc7 6.Be3 Nf6 7.Bd3 b5 8.f4 Bb7
9.e5 b4 10.Ncb5 axb5 11.Nxb5 Qc6 12.exf6 gxf6 13.Qe2 Rg8 14.Rg1 Bc5 15.Bxc5 Qxc5
16.Qf2 Qxf2+ 17.Kxf2 Ke7 18.a4 bxa3 19.Rxa3 Rxa3 20.Nxa3 Na6 21.g3 Nc5 22.Rd1 h5
23.b4 Ra8 24.Nc4 Nxd3+ 25.Rxd3 Be4 26.Rxd7+  0-1

[Event "6th HIT Open"]
[Site "Nova Gorica SLO"]
[Date "2001.01.29"]
[Round "5"]
[White "Drobne,M"]
[Black "Ipek,A"]
[Result "0-1"]
[WhiteElo "2062"]
[BlackElo "2255"]

1.e4 c5 2.Nf3 e6 3.d4 cxd4 4.Nxd4 a6 5.Nc3 Qc7 6.Be2 Nf6 7.O-O Nc6 8.Kh1 b5
9.a3 Bb7 10.f4 d6 11.Bf3 Be7 12.Be3 Na5 13.e5 dxe5 14.fxe5 Nc4 15.Bf4 Nd7
16.Qe2 O-O 17.b3 Nxa3 18.Ne4 b4 19.Nd6 Bxf3 20.Rxf3 Qc5 21.Rd1 Bxd6 22.Rh3 Bxe5
23.Qh5 Nf6 24.Qxe5 Qxe5 25.Bxe5 Ng4 26.Bg3 Rfd8 27.Bh4 g5 28.Be1 Nxc2 29.Rg3 h5
30.h3 Nxe1 31.hxg4 h4 32.Re3 Nc2 33.Red3 Rxd4 34.Rxd4 Nxd4 35.Rxd4 a5 36.Rc4 Kg7
37.Rc5 Kg6 38.Kg1 a4 39.bxa4 Rxa4 40.Rb5 b3 41.Rxb3 Rxg4 42.Kh2 Rc4 43.Kh3 Rc1
44.Rb7 Rh1+ 45.Kg4 f5+ 46.Kf3 g4+ 47.Kf2 g3+  0-1

[Event "1st Mario Covas"]
[Site "Santos BRA"]
[Date "2001.02.01"]
[Round "4"]
[White "De Toledo,J"]
[Black "Zapata,A"]
[Result "0-1"]
[WhiteElo "2384"]
[BlackElo "2485"]

1.e4 c5 2.Nf3 e6 3.d4 cxd4 4.Nxd4 a6 5.Nc3 Qc7 6.f4 b5 7.Bd3 Bb7 8.Nf3 Nf6
9.Qe2 b4 10.Nd1 Bc5 11.e5 Nd5 12.Nf2 d6 13.O-O Nc6 14.exd6 Qxd6 15.Kh1 Nd4
16.Nxd4 Bxd4 17.Ne4 Qe7 18.f5 O-O 19.Qg4 exf5 20.Rxf5 Bc8 21.Bd2 g6 22.Ng5 Bxf5
23.Qxd4 Bxd3 24.cxd3 Rad8 25.Re1 Qf6 26.Qh4 h5 27.Kg1 Qxb2 28.Bc1 Qc3 29.Ne4 Qd4+
30.Kh1 f5  0-1

[Event "12th Goodricke Open"]
[Site "Calcutta IND"]
[Date "2001.02.07"]
[Round "2"]
[White "Garma,C"]
[Black "Miezis,N"]
[Result "0-1"]
[WhiteElo "2400"]
[BlackElo "2532"]

1.e4 c5 2.Nf3 e6 3.d4 cxd4 4.Nxd4 a6 5.Nc3 Qc7 6.Be2 b5 7.O-O Bb7 8.Re1 Nc6
9.Nxc6 dxc6 10.e5 Rd8 11.Bd3 c5 12.Qh5 g6 13.Qe2 Bg7 14.a4 b4 15.Nb1 Ne7
16.Nd2 Nf5 17.Nc4 Nd4 18.Qg4 O-O 19.Bg5 Rd5 20.Rad1 Nf5 21.Be4 h6 22.Bxd5 exd5
23.Nd6 hxg5 24.Nxf5 Bc8 25.Qxg5 Bxf5 26.Rxd5 Bxc2 27.e6 Bxa4 28.e7 Re8 29.h4 Qc6
30.Rd8 c4 31.h5 c3 32.bxc3 bxc3 33.h6 Bh8 34.h7+ Kxh7 35.Re3 Kg8 36.Rh3 Qf6
37.Qh6 Qg7 38.Qf4 c2 39.Qxa4 c1=Q+ 40.Kh2 Qc7+ 41.f4 Qxd8  0-1

[Event "ch-ROM"]
[Site "Baile Tusnad ROM"]
[Date "2001.02.08"]
[Round "4"]
[White "Moraru,M"]
[Black "Ionescu,Co"]
[Result "1/2-1/2"]
[WhiteElo "2297"]
[BlackElo "2504"]

1.e4 c5 2.Nf3 e6 3.d4 cxd4 4.Nxd4 a6 5.Nc3 b5 6.Bd3 Bb7 7.O-O Qc7 8.Re1 Nc6
9.Nxc6 dxc6 10.Bg5 e5 11.a4 Be7 12.Bxe7 Nxe7 13.axb5 axb5 14.Rxa8+ Bxa8 15.b4 O-O
16.Nb1 Rd8 17.Qd2 Rd4 18.Qc3 Qd6 19.Qc5 Qxc5 20.bxc5 Bb7 21.Nd2 Ra4 22.Rb1 Bc8
23.c4 b4 24.Nf3 f6 25.Bc2 Ra2 26.Ne1 Be6 27.Rxb4 Ra1 28.Kf1 Ng6 29.Ke2 Nf4+  1/2-1/2

[Event "FSGM February"]
[Site "Budapest HUN"]
[Date "2001.02.08"]
[Round "5"]
[White "Sherzer,A"]
[Black "Szieberth,A"]
[Result "1-0"]
[WhiteElo "2472"]
[BlackElo "2400"]

1.e4 c5 2.Nf3 e6 3.d4 cxd4 4.Nxd4 a6 5.Nc3 Qc7 6.Bd3 Nc6 7.Be3 Nf6 8.O-O Nxd4
9.Bxd4 Bc5 10.Bxf6 gxf6 11.Qg4 Qe5 12.Qg7 Rf8 13.Kh1 Qg5 14.Qxh7 Rg8 15.Qh3 b5
16.f4 Qg7 17.Rf3 Bb7 18.Rg3 Qxg3 19.hxg3 O-O-O 20.Ne2 Rh8 21.Kh2 f5 22.exf5 Rxh3+
23.gxh3 exf5 24.Bxf5 Re8 25.Bd3 Be4 26.Bxe4 Rxe4 27.Nc3 Rc4 28.a3 Bd4 29.h4 Bxc3
30.bxc3 Rxc3 31.h5 Rxc2+ 32.Kh3 Kd8 33.Re1 Rc6 34.g4 d5 35.g5 Kd7 36.h6 Rc8
37.f5 Rh8 38.Kg4 a5 39.Kh5  1-0

[Event "TCh-FIN 00-01"]
[Site "FIN"]
[Date "2001.02.10"]
[Round "7"]
[White "Tiitta,S"]
[Black "Kanko,I"]
[Result "1-0"]
[WhiteElo "2230"]
[BlackElo "2240"]

1.e4 c5 2.Nf3 e6 3.d4 cxd4 4.Nxd4 a6 5.Nc3 b5 6.Bd3 Qc7 7.O-O Bb7 8.Re1 d6
9.Bg5 Be7 10.Bxe7 Kxe7 11.Qg4 Nf6 12.Qxg7 Rg8 13.Nf5+ exf5 14.Nd5+ Bxd5 15.exd5+ Kd8
16.Qxf6+ Kc8 17.Re7  1-0

[Event "FSGM February"]
[Site "Budapest HUN"]
[Date "2001.02.15"]
[Round "12"]
[White "Vajda,Al"]
[Black "Szieberth,A"]
[Result "0-1"]
[WhiteElo "2409"]
[BlackElo "2400"]

1.e4 c5 2.Nf3 e6 3.d4 cxd4 4.Nxd4 a6 5.Nc3 Qc7 6.Be3 Bb4 7.Qd3 Nf6 8.a3 Bxc3+
9.bxc3 Nxe4 10.Nb3 Qxc3+ 11.Qxc3 Nxc3 12.Bd4 Nd5 13.Bxg7 Rg8 14.Bb2 b5 15.g3 Nc6
16.Bg2 Nce7 17.Na5 d6 18.c4 bxc4 19.Nxc4 Kd7 20.a4 Rb8 21.O-O Nb6 22.Nxd6 Kxd6
23.Ba3+ Kd7 24.Rab1 a5 25.Bc5 Ba6 26.Rxb6 Bxf1 27.Rd6+ Kc7 28.Bxf1 Rg5  0-1

[Event "It Blind"]
[Site "Linares ESP"]
[Date "2001.02.24"]
[Round "2"]
[White "Draghici,G"]
[Black "Devos,Pi"]
[Result "0-1"]
[WhiteElo "2128"]
[BlackElo "2218"]

1.e4 c5 2.Nc3 e6 3.Nge2 a6 4.d4 cxd4 5.Nxd4 Qc7 6.g3 Nf6 7.Bg2 Bb4 8.Ne2 O-O
9.O-O Be7 10.Be3 Nc6 11.a4 d6 12.h3 Rd8 13.f4 d5 14.e5 d4 15.Nxd4 Nxd4 16.exf6 Bxf6
17.Ne4 Nxc2 18.Nxf6+ gxf6 19.Qg4+ Kf8 20.Bf2 Nxa1 21.b4 Nb3 22.Qh4 Ke7 23.a5 Nd4
24.Kh2 Qc2 25.g4 Qd3 26.g5 Qg6 27.Rd1 fxg5 28.fxg5 e5 29.Qg3 Qd6 30.Re1 Be6
31.Rxe5 Rac8 32.Qe3 Rc2 33.Bg3 Qc6 34.Bf2 Qc3 35.Qf4 Rxf2 36.Qxf2 Nf3+  0-1

[Event "Open"]
[Site "Cappelle la Grande FRA"]
[Date "2001.02.25"]
[Round "3"]
[White "Gormally,D"]
[Black "Landa,K"]
[Result "0-1"]
[WhiteElo "2505"]
[BlackElo "2610"]

1.e4 c5 2.Nf3 e6 3.d4 cxd4 4.Nxd4 a6 5.Nc3 Qc7 6.Bd3 Nc6 7.Nxc6 dxc6 8.f4 e5
9.O-O Nf6 10.f5 Bc5+ 11.Kh1 b5 12.Qf3 Bb7 13.Qg3 Kf8 14.Bg5 h6 15.Bd2 Be7
16.Rae1 Rd8 17.b4 Bxb4 18.Nxb5 cxb5 19.Bxb4+ Kg8 20.Ba3 Kh7 21.Bb2 Rhe8 22.Qh4 Qa5
23.Re3 Qxa2 24.Bc1 Rd4 25.Rg3 Rg8 26.Bxh6 gxh6 27.Qxf6 Rxg3 28.hxg3 Bxe4
29.Bxe4 Rxe4 30.Rd1 Rd4 31.Re1 Rd7 32.Re4 Rd4 33.c4 Qxc4 34.Rxe5 Rd2 35.Kh2 Qa2
36.Kh3 Rxg2 37.Re6 Rh2+ 38.Kg4 Qc4+ 39.Kf3 Qd5+ 40.Ke3 Qd2+ 41.Kf3 Qd3+ 42.Re3 Qd5+
43.Re4 Rh5  0-1

[Event "IV Open"]
[Site "Malaga ESP"]
[Date "2001.02.25"]
[Round "3"]
[White "Hernandez,Yu"]
[Black "Cramling,P"]
[Result "0-1"]
[WhiteElo "2277"]
[BlackElo "2492"]

1.e4 c5 2.Nf3 e6 3.d4 cxd4 4.Nxd4 a6 5.Nc3 Qc7 6.Be2 b5 7.O-O Bb7 8.Bf3 Nc6
9.Nxc6 dxc6 10.Bg5 Bd6 11.g3 Be5 12.Bg2 Ne7 13.Qh5 c5 14.Rfe1 Ng6 15.Rad1 O-O
16.Rd2 Rfe8 17.Red1 Nf8 18.Qh4 Ng6 19.Qg4 Nf8 20.Ne2 f6 21.Bh6 Qf7 22.Be3 Rac8
23.c3 Bb8 24.Nf4 Bxf4 25.Bxf4 e5 26.Be3 Qe6 27.Qh5 Qf7 28.Qf3 Rc7 29.h4 Ne6
30.Bh3 Nd4 31.cxd4 cxd4 32.Bf5 dxe3 33.Rd7 Rxd7 34.Rxd7 Re7 35.Rd8+ Re8 36.Rxe8+ Qxe8
37.Qxe3 g6 38.Bh3 Qc6 39.Bg2 Qc4 40.h5 Qc6 41.h6 Kf7 42.Qb3+ Qe6 43.Qd1 Ke7
44.a4 Qc4 45.axb5 axb5 46.b3 Qc3 47.Bh3 Bc6 48.Kh2 Qd4 49.Qxd4 exd4 50.f3 d3
51.Bf1 d2 52.Be2 Kd6 53.Kg2 Kc5 54.Kf2 Kd4 55.Bd1 Kd3 56.b4 g5 57.g4 Be8
58.f4 gxf4 59.Kf3 Bg6 60.Kxf4 Bxe4 61.g5 fxg5+ 62.Kxg5 Kc3 63.Kf4 Bc2  0-1

[Event "IV Open"]
[Site "Malaga ESP"]
[Date "2001.02.27"]
[Round "5"]
[White "Baron Rodriguez,Je"]
[Black "Cramling,P"]
[Result "1/2-1/2"]
[WhiteElo "2393"]
[BlackElo "2492"]

1.e4 c5 2.Nf3 e6 3.d4 cxd4 4.Nxd4 a6 5.Nc3 Qc7 6.Be2 b5 7.O-O Bb7 8.Bf3 Nc6
9.Nxc6 dxc6 10.a4 b4 11.Nb1 Rd8 12.Qe2 Bd6 13.g3 Ne7 14.Nd2 Ng6 15.Nc4 Ne5
16.Nxd6+ Rxd6 17.Bf4 Rd8 18.Bg2 O-O 19.Rfd1 c5 20.Be3 Rc8 21.Rd2  1/2-1/2

[Event "It Blind"]
[Site "Linares ESP"]
[Date "2001.02.28"]
[Round "6"]
[White "Dukaczewski,P"]
[Black "Krylov,Se"]
[Result "0-1"]
[WhiteElo "2337"]
[BlackElo "2341"]

1.e4 c5 2.Nf3 e6 3.d4 cxd4 4.Nxd4 a6 5.Nc3 b5 6.Bd3 Qb6 7.Nb3 Qc7 8.O-O Bb7
9.Qe2 d6 10.Bd2 Nf6 11.Rae1 Nbd7 12.f4 b4 13.Nd1 Be7 14.e5 Nd5 15.Kh1 g6
16.f5 Nxe5 17.fxe6 fxe6 18.Nd4 Qd7 19.Bh6 Nxd3 20.Qxd3 e5 21.Nf3 Qb5 22.Qd2 O-O-O
23.Ne3 Nxe3 24.Qxe3 Rhg8 25.c3 Kb8 26.a3 g5 27.Nxg5 Bxg5 28.Bxg5 h6 29.axb4 Rxg5
30.Rf2 Rdg8 31.Rg1 Rxg2 32.Rgxg2 Rxg2 33.Rf8+ Kc7 34.Rf7+ Kd8 35.c4 Rg7+
36.Rf3 Qc6  0-1

[Event "IV Open"]
[Site "Malaga ESP"]
[Date "2001.02.28"]
[Round "6"]
[White "Felgaer,R"]
[Black "Korneev,O"]
[Result "0-1"]
[WhiteElo "2420"]
[BlackElo "2600"]

1.e4 c5 2.Nf3 e6 3.d4 cxd4 4.Nxd4 a6 5.Nc3 Qc7 6.g3 Bb4 7.Ne2 Nf6 8.Bg2 Be7
9.O-O Nc6 10.Nf4 d6 11.g4 g5 12.Nd3 h5 13.Bxg5 Nxg4 14.Bf4 Bd7 15.a4 Bf6
16.Qd2 Nce5 17.h3 Nc4 18.Qe2 Nge5 19.Nxe5 Bxe5 20.Bxe5 Nxe5 21.f4 Ng6 22.Qf2 O-O-O
23.Kh1 Kb8 24.Ra3 Qc5 25.Qxc5 dxc5 26.e5 Nh4 27.Be4 Nf5 28.Kh2 Bc6 29.Rf2 Kc7
30.Bxc6 Kxc6 31.Ne4 Rd4 32.Ng5 Nh6 33.Kg2 Rhd8 34.Kf3 R8d7 35.a5 Nf5 36.Rc3 Rb4
37.Ne4 Rd5 38.b3 h4 39.Rd2 Rxe4  0-1

[Event "Open"]
[Site "Cappelle la Grande FRA"]
[Date "2001.03.01"]
[Round "7"]
[White "Yu Shaoteng"]
[Black "Landa,K"]
[Result "1/2-1/2"]
[WhiteElo "2493"]
[BlackElo "2610"]

1.e4 c5 2.Nf3 e6 3.d4 cxd4 4.Nxd4 a6 5.Nc3 Qc7 6.Be2 Nf6 7.O-O Bb4 8.Qd3 Nc6
9.Nxc6 bxc6 10.f4 d5 11.e5 Nd7 12.Na4 O-O 13.c4 Nc5 14.Nxc5 Bxc5+ 15.Be3 Qb6
16.Bxc5 Qxc5+ 17.Kh1 a5 18.Rac1 Ba6 19.Qf3 Qb4 20.cxd5 cxd5 21.Bxa6 Rxa6
22.f5 exf5 23.Qxf5 Qe7 24.Qd3 Re6 25.Qxd5 Rxe5 26.Qc4 g6 27.h3 Re2 28.Rc2 Rxc2
29.Qxc2 Qe5 30.b3 Kg7 31.Qf2 h5  1/2-1/2

[Event "Open"]
[Site "Cappelle la Grande FRA"]
[Date "2001.03.01"]
[Round "7"]
[White "Jaracz,P"]
[Black "Chuchelov,V"]
[Result "1/2-1/2"]
[WhiteElo "2477"]
[BlackElo "2539"]

1.e4 c5 2.Nc3 e6 3.Nf3 a6 4.d4 cxd4 5.Nxd4 Qc7 6.Be2 Nf6 7.O-O Be7 8.f4 d6
9.Be3 O-O 10.g4 Nc6 11.g5 Nd7 12.f5 Nxd4 13.Qxd4 Re8 14.fxe6 fxe6 15.Bh5 Rf8
16.Rxf8+ Bxf8 17.Rf1 Qd8 18.Nb1  1/2-1/2

[Event "Tch-NED"]
[Site "NED"]
[Date "2001.03.04"]
[Round "6"]
[White "De Wit,D"]
[Black "Boersma,P"]
[Result "1/2-1/2"]
[WhiteElo "2189"]
[BlackElo "2307"]

1.e4 c5 2.Nf3 e6 3.d4 cxd4 4.Nxd4 a6 5.Nc3 Qc7 6.Bd3 Nc6 7.Nxc6 bxc6 8.O-O Nf6
9.Bg5 Bb7 10.Qe2 h6 11.Bh4 Bd6 12.Bg3 Bxg3 13.hxg3 e5 14.Na4 d6 15.c4 c5
16.Nc3 O-O 17.g4 Qd7 18.f3 Nh7 19.Nd5 Qd8 20.g3 Ng5 21.Kg2 Ne6 22.Rh1 Nd4
23.Qd2 f6 24.Ne3  1/2-1/2

[Event "Victor Ciocaltea Mem"]
[Site "Bucharest ROM"]
[Date "2001.03.10"]
[Round "7"]
[White "Iordachescu,V"]
[Black "Ionescu,Co"]
[Result "1-0"]
[WhiteElo "2578"]
[BlackElo "2504"]

1.e4 c5 2.Nf3 e6 3.d4 cxd4 4.Nxd4 a6 5.Nc3 Qc7 6.Bd3 Bd6 7.Qg4 h5 8.Qg5 Be7
9.Qg3 Qxg3 10.hxg3 d6 11.g4 Bf6 12.Nde2 g6 13.gxh5 gxh5 14.Nf4 h4 15.Be2 Nd7
16.Nh5 Be7 17.g4 b5 18.a3 Ne5 19.f4 Nc6 20.Be3 Nf6 21.Rxh4 Nxh5 22.g5 e5
23.Rxh5 Rxh5 24.Bxh5 exf4 25.Bxf4 Nd4 26.O-O-O Ne6 27.g6  1-0

[Event "FSIMA March"]
[Site "Budapest HUN"]
[Date "2001.03.10"]
[Round "7"]
[White "Dembo,Y"]
[Black "Nemeth,Z"]
[Result "1-0"]
[WhiteElo "2342"]
[BlackElo "2319"]

1.e4 c5 2.Nf3 e6 3.d4 cxd4 4.Nxd4 a6 5.Nc3 Qc7 6.Bd3 Nf6 7.O-O Nc6 8.Be3 Ne5
9.h3 Bc5 10.Kh1 d6 11.f4 Ng6 12.Qd2 b5 13.a3 Bb7 14.Nde2 Bxe3 15.Qxe3 O-O
16.Ng3 Qc5 17.Qd2 Rac8 18.Rae1 Nh5 19.Nce2 Nxg3+ 20.Nxg3 e5 21.f5 Nf4 22.f6 gxf6
23.Nf5 Kh8 24.g3 Ng6 25.h4 d5 26.h5 dxe4 27.Bxe4 Bxe4+ 28.Rxe4 Qxc2 29.Qxc2 Rxc2
30.hxg6 fxg6 31.Ne3 Rxb2 32.Rc1 Kg7 33.Rc6 a5 34.Rg4 f5 35.Rc7+ Kg8 36.Rh4 h5
37.Rc5 e4 38.Rh2 Rb3 39.Re2 Kg7 40.Kg1 a4 41.Kf2 Ra8 42.Rd2 b4 43.Rd7+ Kf6
44.Rc6+ Kg5 45.Rg7 Rb2+ 46.Kg1  1-0

[Event "Victor Ciocaltea Mem"]
[Site "Bucharest ROM"]
[Date "2001.03.12"]
[Round "9"]
[White "Nisipeanu,LD"]
[Black "Solak,D"]
[Result "1-0"]
[WhiteElo "2596"]
[BlackElo "2511"]

1.e4 c5 2.Nf3 e6 3.Nc3 a6 4.d4 cxd4 5.Nxd4 Qc7 6.Be2 b5 7.O-O Bb7 8.Re1 Nf6
9.Bf3 d6 10.Bf4 Nbd7 11.Ndxb5 axb5 12.Nxb5 Qb6 13.Nxd6+ Bxd6 14.Bxd6 Rd8
15.c4 Nc5 16.e5 Nfe4 17.b4 Nxd6 18.bxc5 Bxf3 19.Qxf3 Qxc5 20.exd6 O-O 21.Red1 Rxd6
22.Rxd6 Qxd6 23.a4 Rc8 24.a5 Qa6 25.Ra4 g6 26.g3 h5 27.h4 Rb8 28.Qe4 Rb2
29.Kg2 Qa7 30.Qf3 Qa6 31.Ra1 Rc2 32.Rd1 Rxc4 33.Rd8+ Kg7 34.Rd7 Qc6 35.Rxf7+ Kg8
36.Qxc6 Rxc6 37.Ra7 Rc2 38.a6 Ra2 39.Kf3 Ra4 40.Ke3 Ra2 41.Kd4 Ra5 42.Kc4 e5
43.Kb4 Ra2 44.f3  1-0

[Event "Czech Extra League 2000-1"]
[Site "CZE"]
[Date "2001.03.17"]
[Round "8"]
[White "Posta,P"]
[Black "Efler,D"]
[Result "1-0"]
[WhiteElo "2160"]
[BlackElo "2175"]

1.e4 c5 2.Nf3 e6 3.d4 cxd4 4.Nxd4 a6 5.Nc3 Qc7 6.g3 Nf6 7.Bg2 Nc6 8.O-O Be7
9.Re1 Nxd4 10.Qxd4 Bc5 11.Qd1 d6 12.Na4 Ba7 13.Bf4 e5 14.Be3 Bxe3 15.Rxe3 Be6
16.Nc3 O-O 17.a4 Rad8 18.Qd2 Qc5 19.Ree1 h5 20.Qe3 Qb4 21.b3 Ng4 22.Na2 Qa5
23.Qe2 b5 24.Nc1 Rc8 25.Nd3 Qc3 26.Rec1 Rc7 27.Qe1 Rfc8 28.axb5 axb5 29.Rab1 Qd4
30.Qe2 Rc3 31.Ne1 Qc5 32.Rd1 h4 33.gxh4 Nf6 34.Rd3 b4 35.Rxc3 Qxc3 36.Qd3 Qxd3
37.Nxd3 Rxc2 38.Nxb4 Rd2 39.Nc6 Ng4 40.b4 Nxf2 41.b5 Ba2 42.Ra1 Nd3 43.b6 Nc5
44.Nd8 Nd7 45.b7 Rc2 46.Rd1 Nb8 47.Rxd6 Kf8 48.Nc6 Rc1+ 49.Bf1 Rxc6 50.Rd8+ Ke7
51.Rxb8 Rb6 52.Ba6  1-0

[Event "Czech Extra League 2000-1"]
[Site "CZE"]
[Date "2001.03.18"]
[Round "9"]
[White "Posta,P"]
[Black "Gross,S"]
[Result "1/2-1/2"]
[WhiteElo "2160"]
[BlackElo "2398"]

1.e4 c5 2.Nf3 e6 3.d4 cxd4 4.Nxd4 a6 5.Nc3 Qc7 6.g3 Bb4 7.Bd2 Nc6 8.Nxc6 bxc6
9.Bg2 Nf6 10.O-O Be7 11.Re1 d6 12.e5 dxe5 13.Rxe5 O-O 14.Bf4 Bd6 15.Rxe6 Bxf4
16.Rxc6 Qb8 17.gxf4 Bg4 18.Qc1 Ra7 19.Nd5 Nxd5 20.Bxd5 Re8 21.c4 Bd7 22.b4 Bxc6
23.Bxc6 Re6 24.b5 axb5 25.cxb5 Ra4 26.Qd2 Rd6 27.Qe3 Rg6+ 28.Kf1 Re6 29.Qd2 h6
30.Rd1 Rxf4 31.Qd8+ Qxd8 32.Rxd8+ Kh7 33.Kg2 Ra4 34.b6 Rxc6 35.b7 Rg6+ 36.Kf1 Rb6
37.b8=Q Rxb8 38.Rxb8 Rxa2 39.Rb6 h5 40.Kg2 Ra3 41.Rc6 Rb3 42.Ra6 g5 43.h3 Kg7
44.Rc6 f6 45.Ra6 Kf7 46.Rc6 Rb4 47.Ra6 Re4 48.Rb6 Rd4 49.Ra6 Kg6 50.Ra5 Re4
51.Rb5 Re5 52.Rb4 Kf5 53.Kf3 Rc5 54.Ra4 Rc3+ 55.Kg2 Rd3 56.Rb4 Ke5 57.Rb8 Rd4
58.Rh8 Rh4 59.Ra8 Kf5 60.Ra5+ Kg6 61.Rb5 Re4 62.Ra5 Re5 63.Ra4 Kf5 64.Kf3 Rd5
65.Rb4 Rc5 66.Ra4 Rc3+ 67.Kg2 g4 68.hxg4+ hxg4 69.Ra5+ Kf4 70.Ra4+ Kg5 71.Ra8 f5
72.Rb8 Rc5 73.Ra8 f4 74.Rg8+ Kh4 75.Rh8+ Rh5 76.Rg8 Rh6 77.Rg7 Kh5 78.Rg8 Rg6
79.Rh8+ Kg5 80.Ra8 Rf6 81.Rb8 Re6 82.Ra8 Re2 83.Rg8+ Kf5 84.Rf8+ Ke4 85.Re8+ Kd3
86.Rd8+ Kc2 87.Rf8 g3  1/2-1/2

[Event "Czech Extra League 2000-1"]
[Site "CZE"]
[Date "2001.03.18"]
[Round "9"]
[White "Gross,Dav CZE"]
[Black "Votava,J"]
[Result "0-1"]
[WhiteElo "2455"]
[BlackElo "2510"]

1.e4 c5 2.Nf3 e6 3.d4 cxd4 4.Nxd4 a6 5.Nc3 Qc7 6.f4 b5 7.Bd3 Bb7 8.Qe2 d6
9.Bd2 Nf6 10.a3 Nbd7 11.O-O Be7 12.Rae1 O-O 13.Kh1 Rad8 14.Nb3 Nc5 15.e5 Nxd3
16.exf6 Nxe1 17.fxe7 Bxg2+ 18.Kg1 Qxe7 19.Rxe1 Ba8 20.Ne4 Qb7 21.Bc3 f5 22.Ng3 e5
23.Na5 Qf7 24.fxe5 dxe5 25.Qxe5 f4 26.Ne4 Rde8  0-1

[Event "TCh-ROM"]
[Site "Sovata ROM"]
[Date "2001.03.22"]
[Round "2"]
[White "Parligras,M"]
[Black "Hegedus,Iu"]
[Result "1-0"]
[WhiteElo "2434"]
[BlackElo "2325"]

1.e4 c5 2.Nf3 e6 3.Nc3 a6 4.d4 cxd4 5.Nxd4 Qc7 6.Bd3 Nf6 7.O-O d6 8.f4 Nbd7
9.Qf3 Be7 10.Be3 b6 11.Kh1 Bb7 12.Rae1 Nc5 13.Bg1 d5 14.e5 Nfe4 15.Bxe4 Nxe4
16.Nxe4 dxe4 17.Qg3 g6 18.Rd1 O-O-O 19.Nb3 Rxd1 20.Rxd1 Rd8 21.Bd4 Kb8 22.c3 Rd7
23.Rd2 Qc6 24.Qe3 Bd8 25.Kg1 Qb5 26.Qe2 Qa4 27.Nc1 h5 28.Be3 Rd5 29.b3 Qa3
30.Rxd5 Bxd5 31.Qd2 Bc7 32.c4 Bc6 33.Ne2 Qe7 34.Qd4 Qa3 35.Nc3 Qb2 36.Qd2 Qa3
37.h4 Qe7 38.g3 Qa3 39.Kf2 Qe7 40.Bd4 Qa3 41.Ke3 Qe7 42.Qb2 Qb4 43.a3 Qe7
44.b4 b5 45.cxb5 axb5 46.Bc5 Qd7 47.Qd2 Bd5 48.Nxe4 Qc6 49.Nc3 Bh1 50.Qe2 Kc8
51.Nxb5 Qe4+ 52.Kd2 Qd5+ 53.Kc3 Qa8 54.Kb2 Qa4 55.Bd6 Bb6 56.Bc5 Bc7 57.Nd4 Bd5
58.Qc2 Qxc2+ 59.Kxc2 Kb7 60.Kc3  1-0

[Event "Open"]
[Site "Bled SLO"]
[Date "2001.03.24"]
[Round "1"]
[White "Ravnik,F"]
[Black "Breder,D"]
[Result "0-1"]
[WhiteElo "2048"]
[BlackElo "2383"]

1.e4 c5 2.Nf3 e6 3.d4 cxd4 4.Nxd4 a6 5.Nc3 b5 6.Bd3 Qb6 7.Be3 Bc5 8.Nce2 Nf6
9.c3 Ng4 10.Bd2 e5 11.f3 exd4 12.fxg4 Nc6 13.Qc2 dxc3 14.Nxc3 Nb4 15.Qb1 Qf6
16.a3 Qf2+ 17.Kd1 Qxg2 18.Rf1 Nc6 19.Nd5 O-O 20.b4 Bd4 21.Ra2 Qxg4+ 22.Be2 Qh4
23.Qd3 Bb7 24.Rf5 Qd8 25.Bf4 g6 26.e5 f6 27.Nxf6+ Kh8 28.Rg5 Bxe5  0-1

[Event "Wotulo Mem"]
[Site "Jakarta INA"]
[Date "2001.03.24"]
[Round "2"]
[White "Majella,Y"]
[Black "Miezis,N"]
[Result "0-1"]
[WhiteElo "2321"]
[BlackElo "2532"]

1.e4 c5 2.Nf3 e6 3.d4 cxd4 4.Nxd4 a6 5.Nc3 Qc7 6.Be2 b5 7.O-O Bb7 8.Re1 Nc6
9.Nxc6 dxc6 10.e5 Rd8 11.Bd3 c5 12.Qh5 g6 13.Qh3 b4 14.Na4 c4 15.Bf1 Bc6
16.b3 Bxa4 17.bxa4 Bc5 18.a3 a5 19.Be3 Qxe5 20.Bxc4 Bxe3 21.Qxe3 Qxe3 22.Rxe3 bxa3
23.Re5 Ra8 24.Rxa3 Nf6 25.Rb3 O-O 26.f3 Rfc8 27.Bd3 Nd7 28.Reb5 Kg7 29.Be4 Ra7
30.Bd3 Rcc7 31.Kf1 f5 32.Ke2 Nf6 33.g3 Nd5 34.Kd2 Kf6 35.f4 h6 36.c4 Nb4
37.Be2 Na6 38.Rb6 Nc5 39.Ra3 Rd7+ 40.Kc2 g5 41.Re3 Rac7 42.Re5 gxf4 43.gxf4 Rd4
44.Rb5 Nd7 45.Re3 Rxf4 46.Rh3 Nc5 47.Rxa5 Rf2 48.Kd1 Rg2 49.Ke1 Ke5 50.Kf1 Rg6
51.Ra3 Kd4 52.Ra8 Rcg7 53.Rd8+ Ke5 54.Ke1 Ne4 55.a5 Rg1+ 56.Bf1 R7g2 57.Rf3 Ra2
58.Rdd3 Rxa5 59.Ra3 Rc5 60.Ra4 Rh1 61.Rh3 Kf4 62.Rxh6 Re5 63.Ra1 Kf3 64.Rh3+ Kg4
65.Rh8 f4 66.Ke2 Ng3+ 67.Kf2 Rxf1+ 68.Rxf1 Re2+ 69.Kg1 Nxf1 70.Kxf1 Rc2 71.Re8 Kf5
72.h4 Rxc4 73.h5 Rc7 74.Ke2 e5 75.Rh8 Kg4 76.Rg8+ Kxh5 77.Kf3 Rc3+ 78.Ke4 Re3+
79.Kf5 Kh4 80.Rg1 f3  0-1

[Event "TCh-ROM"]
[Site "Sovata ROM"]
[Date "2001.03.24"]
[Round "4"]
[White "Nanu,C"]
[Black "Iordachescu,V"]
[Result "0-1"]
[WhiteElo "2418"]
[BlackElo "2578"]

1.e4 c5 2.Nf3 e6 3.Nc3 a6 4.d4 cxd4 5.Nxd4 b5 6.Be3 Bb7 7.a3 Nf6 8.f3 Qc7
9.Bd3 d6 10.Qd2 Be7 11.g4 Nc6 12.g5 Nd7 13.Nce2 Nce5 14.Ng3 d5 15.Be2 dxe4
16.Nxe4 O-O 17.O-O-O Bxe4 18.fxe4 Nc5 19.Nf3 Nb3+  0-1

[Event "Wotulo Mem"]
[Site "Jakarta INA"]
[Date "2001.03.25"]
[Round "4"]
[White "Majella,Y"]
[Black "Hulak,K"]
[Result "0-1"]
[WhiteElo "2321"]
[BlackElo "2546"]

1.e4 c5 2.Nf3 e6 3.d4 cxd4 4.Nxd4 a6 5.Nc3 d6 6.Be2 Nf6 7.O-O b5 8.a3 Bb7
9.Re1 Nbd7 10.f4 Rc8 11.Bf3 Be7 12.Be3 Rc4 13.Qd3 Nc5 14.Qf1 Ncxe4 15.a4 Rxd4
16.Bxd4 Nd2 17.Qd3 Nxf3+ 18.gxf3 b4 19.Ne4 Nd5 20.Qd2 f6 21.Rad1 e5 22.fxe5 fxe5
23.c4 bxc3 24.Bxc3 O-O 25.Rf1 Qe8 26.b3 Qg6+ 27.Kh1 Rxf3 28.Rxf3 Qxe4 29.Rf1 Ne3
30.Rf2 Bh4 31.Kg1 Qg6+  0-1